LIBRARY & INFORMATION CENTRE, KCAET, TAVANUR

ONLINE PUBLIC ACCESS CATALOGUE (OPAC)

Design and Construction of Highway Bridges (Record no. 14475)

MARC details
000 -LEADER
fixed length control field 00304nam a22001217a 4500
020 ## - INTERNATIONAL STANDARD BOOK NUMBER
ISBN 817381371
082 ## - DEWEY DECIMAL CLASSIFICATION NUMBER
Classification number 624.25
Item number RAK/DE
100 ## - MAIN ENTRY--AUTHOR NAME
Personal name Rakshit,K.S
245 ## - TITLE STATEMENT
Title Design and Construction of Highway Bridges
260 ## - PUBLICATION, DISTRIBUTION, ETC. (IMPRINT)
Place of publication Delhi
Name of publisher New Central Book Agency (P) Ltd
Year of publication 2010
300 ## - PHYSICAL DESCRIPTION
Number of Pages 448
942 ## - ADDED ENTRY ELEMENTS (KOHA)
Koha item type Books
Holdings
Withdrawn status Lost status Damaged status Collection code Home library Current library Shelving location Date acquired Source of acquisition Cost, normal purchase price Full call number Accession Number Koha item type
        KAUAET KAUAET General Stacks 07/07/2016 Aman Book Stall, Calicut 495.00 624.25 RAK/DE 24948 Books
free website counter